Mikrosenzor plynu pripravený na keramickom substráte

Na minha lista:
Detalhes bibliográficos
Autor principal: Tibenský, Michal (Author)
Outros Autores: Hotový, Ivan, 1957- (Thesis advisor)
Formato: Manuscrito Livro
Idioma:eslovaco
Publicado em: Bratislava : STU v Bratislave FEI, 2007
Assuntos:
Tags: Adicionar Tag
Sem tags, seja o primeiro a adicionar uma tag!

MARC

LEADER 00000ntm a22000003a 4500
001 stu155554
005 20160719165049.9
008 080122s2007------------------------slo-d
040 |a STU  |b slo 
041 0 |a slo 
100 1 |a Tibenský, Michal  |4 aut 
245 1 |a Mikrosenzor plynu pripravený na keramickom substráte 
260 |a Bratislava :  |b STU v Bratislave FEI,  |c 2007 
300 |a 47 s 
650 7 |a Mikroelektronika  |2 stusub 
650 7 |a mikrosenzory  |2 stusub 
700 1 |a Hotový, Ivan,  |d 1957-  |4 ths  |u E030  |U FEI Fakulta elektrotechniky a informatiky  |T FEI Ústav elektroniky a fotoniky  |X 4233  |U E030  |Y 549  |7 A000004233